000 01391nam0a2200349 4500
001 RU\NLR\bibl\906395
005 20250614181935.0
010 _a5-699-13475-1
_95000
021 _aRU
_b2005-79250
_93910
035 _a(nilc)RSL-KNO-002787714
035 _a(NLR Aleph) 000894787
090 _a1740799
_c1740799
100 _a20051202d2005 |||y0rusy50 ca
101 1 _arus
_ceng
102 _aRU
105 _ay |||||||||
106 _ar
200 1 _aПсы войны
_eроман
_fФредерик Форсайт
_g[пер. с англ. А. Курляндского]
210 _aМ.
_cЭксмо
_d2005
215 _a475, [1] с.
_d21
225 1 _aПочерк мастера
610 0 _aФилологические науки. Художественная литература -- Великобритания -- Английская литература -- с 1945 г. -- Произведения художественной литературы -- Художественная проза -- Романы. Повести. Рассказы
686 _aШ5(4Вл)62-644
_2rubbk
686 _aШ6(4Вл)67-446{Лх1299-60}
700 1 _aФорсайт
_bФ.
_f1938-
_gФредерик
_4070
801 0 _aRU
_bRuMoRKP
_c20051202
_grcr
801 1 _aRU
_bРГБ
_c20051202
801 2 _aRU
_bNLR
_c20060210
_grcr
942 _cBOOK
980 _aNB